00536nam a2200193Ia 4500003000400000005001700004008004100021020001800062040001800080041000800098082002300106100002200129245005200151250001200203260003700215300002700252650003100279650003200310OSt20250531102257.0210716s2004 xx 000 0 und d a9788176496766 cAIMIT LIBRARY aeng a658.4093 23bHAYM aHaynes, Marion E. aPersonal time management /cBy Marion E Haynes. a3rd ed. aNew Delhi :bViva Books ;c2004. avi,110p. ;bPBc22 cm. aTime management principles aTime management innovations